VIVIZ Songs by the English Lyrics - Statistics

General Stats
  • This quiz has been taken 4 times
  • The average score is 3 of 15
Answer Stats
Hint Answer % Correct
"It's coming down, it's coming down" MANIAC
50%
"Is it fake or real, that smile?" Untie
50%
"Ooh, just wanna keep dancing (Oh, ooh)" BOP BOP!
25%
"I'm so luck-luck-lucky enough
Make it up, up, up to me, girl"
Day By Day (한 걸음)
25%
"What can I do? What can I do? What can I do?" Love Love Love
25%
"'Cause you can do better than that" Love Or Die
25%
"Yeah, I say buzz off" PULL UP
25%
"Take me to the Paradise" Red Sun!
25%
"Yeah, yeah, keep on the roll, babe" Rum Pum Pum
25%
"Like a butterfly" Tweet Tweet
25%
"Now, sugar lever higher
Come, look at me, just look at me"
LOVEADE
0%
"Me and you me and you me and you
Me and you me and you and now"
Love You Like
0%
"We can go shining up tonight" Party Pop
0%
"It's like a holiday" SIESTA
0%
"Why are you so suspicious?" So Special
0%
No matching quizzes found
Score Distribution
Percent of People with Each Score
Percentile by Number Answered
Your Score History
You have not taken this quiz